| 000 | 01393nam0a2200301 4500 | ||
|---|---|---|---|
| 001 | RU\NLR\bibl\838139 | ||
| 005 | 20250614144215.0 | ||
| 010 |
_a5-9509-0017-0 _9100 |
||
| 021 |
_aRU _b2005-45844 _92254 |
||
| 035 | _a(NLR Aleph) 000826968 | ||
| 090 |
_a1336631 _c1336631 |
||
| 100 | _a20050908d2005 |||y0rusy50 ca | ||
| 101 | 0 | _arus | |
| 102 | _aRU | ||
| 105 | _aa ||||||||| | ||
| 200 | 1 |
_aМетоды оценки интенсивности конкуренции на рынке продукции морского транспорта _eмонография _fА.Е. Слицан _gМ-во трансп. Рос. Федерации, Федер. гос. образоват. учреждение Гос. мор. акад. им. адм. С.О. Макарова, Каф. экономики и основ упр., Каф. орг. и технологии перевозок |
|
| 210 |
_aСанкт-Петербург _cГМА _d2005 |
||
| 215 |
_a106 с. _d20 |
||
| 320 | _aБиблиогр.: с. 104-106 (24 назв.) | ||
| 606 | 1 |
_aМорской транспорт _xКонкурентоспособность _92226324 _3RU\NLR\auth\661336491 |
|
| 686 | _aУ37(2)46-13 | ||
| 700 | 1 |
_aСлицан _bА. Е. _gАндрей Евгеньевич _4070 |
|
| 801 | 0 |
_aRU _bNLR _c20050908 _grcr |
|
| 801 | 1 |
_aRU _bNLR _c20050908 |
|
| 942 | _cBOOK | ||
| 980 | _aNB | ||